000 00633nam a22002297a 4500
003 UA-OsUOA
001 42343
007 ta
008 20061102b un ||||| |||| 00| 0 ukr d
100 _aСтаніславів В.
090 _a821.161.2
_bС76
942 _cBK
040 _aUA-OsUOA
_bukr
_cUA-OsUOA
_dUA-OsUOA
245 _aЛіс приймає повстанців
300 _a235 с.
955 _a3
041 _aukr
080 _a821.161.2
260 _aМіннеаполіс, Міннесота
_bLCCC
_c1997
650 7 _a82 Література. Літературознавство
_2UDC
999 _c328477
_d328477